US States - Jumping Borders - Statistics

General Stats
  • This quiz has been taken 55 times
  • The average score is 17 of 20
Answer Stats
TEXAS - C % Correct
1) New Mexico - D
100%
2) Colorado - B
98%
3) Nebraska - G
96%
5) Montana - R
91%
6) North Dakota - I
91%
4) Wyoming - M
91%
10) Indiana - K
89%
11) Kentucky - M
89%
9) Michigan - D
89%
7) Minnesota - C
89%
8) Wisconsin - G
89%
12) Missouri - H
87%
13) Oklahoma - W
80%
14) New Mexico - Z
76%
15) Arizona - F
73%
16) California - V
73%
20) Idaho
73%
17) Nevada - G
73%
18) Oregon - W
73%
19) Washington - H
73%
No matching quizzes found
Score Distribution
Percent of People with Each Score
Percentile by Number Answered
Your Score History
You have not taken this quiz